[Event "BCF-chT3 0708 (4NCL)"]
[Site "Sunningdale"]
[Date "2008.03.02"]
[Round "8.1"]
[White "Mycroft, Richard"]
[Black "Tippleston, Charles E"]
[Result "0-1"]
[WhiteElo "2143"]
[BlackElo "2172"]
[PlyCount "122"]
[EventDate "2007.09.15"]
[EventType "team-tourn"]
[EventRounds "11"]
[EventCountry "ENG"]
[SourceTitle "EXT 2023"]
[Source "ChessBase"]
[SourceDate "2022.10.05"]
[SourceVersion "1"]
[SourceVersionDate "2022.10.05"]
[SourceQuality "1"]
[WhiteTeam "Cambridge II"]
[BlackTeam "FCA Solutions"]
[WhiteTeamCountry "ENG"]
[BlackTeamCountry "ENG"]

1. e4 c5 2. a3 e5 3. f4 exf4 4. Nf3 d6 5. Bc4 Nc6 6. d4 cxd4 7. Bxf4 Be6 8. Bxe6 fxe6 9. Nxd4 Qf6 10. Be3 Qh4+ 11. g3 Qxe4 12. Kf2 Nf6 13. h3 Nd5 14. Qf3 Qxf3+ 15. Kxf3 Nxe3 16. Kxe3 Nxd4 17. Kxd4 Be7 18. Nd2 Bf6+ 19. Kd3 Kd7 20. c3 Rhf8 21. Ne4 Be7 22. Ke2 d5 23. Nd2 Bd6 24. g4 Rf4 25. Raf1 Raf8 26. Rxf4 Rxf4 27. Nf3 Rf8 28. Rd1 b5 29. Ke3 Bc5+ 30. Ke2 Kd6 31. b4 Bb6 32. Nd4 a6 33. a4 Bxd4 34. cxd4 bxa4 35. Ra1 Rb8 36. Rxa4 Rb6 37. Kd3 e5 38. dxe5+ Kxe5 39. Ke3 Rh6 40. Kf2 d4 41. g5 Rc6 42. Kf3 Rc3+ 43. Ke2 Rxh3 44. Rxa6 Rb3 45. Ra7 g6 46. Rxh7 Rxb4 47. Rf7 Rb2+ 48. Kf3 Rb3+ 49. Kf2 Rb6 50. Ke2 Ra6 51. Rf8 Ra2+ 52. Kf3 Ra1 53. Kf2 Ke4 54. Rf6 d3 55. Rd6 Rb1 56. Kg2 Ke3 57. Re6+ Kf4 58. Rd6 Rb2+ 59. Kf1 d2 60. Rd5 Rb1+ 61. Ke2 d1Q+ 0-1

[Event "BCF-chT3 0708 (4NCL)"]
[Site "Sunningdale"]
[Date "2008.01.12"]
[Round "5.2"]
[White "Varnam, Liam"]
[Black "Mycroft, Richard"]
[Result "0-1"]
[WhiteElo "2042"]
[BlackElo "2143"]
[PlyCount "54"]
[EventDate "2007.09.15"]
[EventType "team-tourn"]
[EventRounds "11"]
[EventCountry "ENG"]
[SourceTitle "EXT 2023"]
[Source "ChessBase"]
[SourceDate "2022.10.05"]
[SourceVersion "1"]
[SourceVersionDate "2022.10.05"]
[SourceQuality "1"]
[WhiteTeam "Slough Sharks III"]
[BlackTeam "Cambridge II"]
[WhiteTeamCountry "ENG"]
[BlackTeamCountry "ENG"]

1. e4 g6 2. d4 Bg7 3. Nf3 d6 4. Be3 Nf6 5. Bd3 Nbd7 6. 0-0 e5 7. c3 0-0 8. h3 b6 9. Nbd2 Bb7 10. a4 a5 11. Qc2 Re8 12. d5 Nc5 13. Be2 c6 14. c4 Rc8 15. Qb1 Ba6 16. dxc6 Qc7 17. b3 Qxc6 18. Bxc5 dxc5 19. Bd3 Nh5 20. g3 Qd7 21. Kg2 Rcd8 22. Bc2 Bh6 23. Rd1 Bc8 24. g4 Nf4+ 25. Kh2 Nxh3 26. Kxh3 Qxg4+ 27. Kh2 Bf4+ 0-1

[Event "Varsity Oxbridge m 125th"]
[Site "London"]
[Date "2007.03.10"]
[Round "1.4"]
[White "Mycroft, Richard"]
[Black "Eckersley Waites, Tom"]
[Result "0-1"]
[WhiteElo "2141"]
[BlackElo "2159"]
[PlyCount "66"]
[EventDate "2007.03.10"]
[EventType "team"]
[EventRounds "1"]
[EventCountry "ENG"]
[SourceTitle "CBM 117 Extra"]
[Source "ChessBase"]
[SourceDate "2007.05.09"]
[SourceVersion "1"]
[SourceVersionDate "2007.05.09"]
[SourceQuality "1"]

1. e4 c5 2. a3 b6 3. b4 Bb7 4. Nc3 Nc6 5. bxc5 bxc5 6. Rb1 Rb8 7. Nf3 g6 8. d4 Bg7 9. Bf4 d6 10. Bb5 Kf8 11. e5 Nxd4 12. Nxd4 cxd4 13. Qxd4 dxe5 14. Qxd8+ Rxd8 15. Be3 Bxg2 16. Rg1 Bf3 17. Bxa7 e4 18. Ne2 Be5 19. Rg5 Bxh2 20. Rc5 Bd6 21. Rc3 h5 22. Nd4 Be5 23. Rxf3 exf3 24. Nc6 Bc3+ 25. Kf1 Rd6 26. a4 h4 27. a5 Rh5 28. Kg1 Nh6 29. a6 Rxb5 30. Rxb5 Ng4 31. Bd4 Bxd4 32. Rb4 Bxf2+ 33. Kh1 Rd1# 0-1

[Event "Varsity Oxbridge m 124th"]
[Site "London"]
[Date "2006.03.11"]
[Round "1.4"]
[White "Eckersley Waites, Tom"]
[Black "Mycroft, Richard"]
[Result "1/2-1/2"]
[WhiteElo "2116"]
[BlackElo "2141"]
[PlyCount "104"]
[EventDate "2006.03.11"]
[EventType "team"]
[EventRounds "1"]
[EventCountry "ENG"]
[SourceTitle "CBM 111 Extra"]
[Source "ChessBase"]
[SourceDate "2006.05.09"]
[SourceVersion "1"]
[SourceVersionDate "2006.05.09"]
[SourceQuality "1"]

1. e4 g6 2. d4 Bg7 3. Nc3 c6 4. Be3 d5 5. Qd2 dxe4 6. Nxe4 Nd7 7. 0-0-0 Ngf6 8. f3 Nd5 9. Bh6 Bxh6 10. Qxh6 N7f6 11. c4 Nxe4 12. fxe4 Nf6 13. e5 Ng4 14. Qd2 h5 15. Nf3 Nh6 16. Bd3 Bf5 17. Qf4 Qc7 18. Ng5 0-0-0 19. Bxf5+ gxf5 20. Qf3 Rdg8 21. h4 e6 22. Rhe1 Ng4 23. Qa3 Kb8 24. Qd6 Nf2 25. Rd2 Ne4 26. Nxe4 fxe4 27. Qxc7+ Kxc7 28. Rxe4 Rg3 29. Rf2 Rh7 30. Ref4 Rgg7 31. g3 Rxg3 32. Rxf7+ Rxf7 33. Rxf7+ Kc8 34. Rh7 Rg4 35. Rxh5 Rxd4 36. b3 c5 37. Kc2 a6 38. Rh8+ Kc7 39. h5 Re4 40. h6 Rxe5 41. Kd3 Rh5 42. Ke4 Kd6 43. h7 Kc7 44. Kf4 Rh1 45. Kg5 Kb6 46. Kf6 e5 47. Kxe5 Rh4 48. Kf5 Rh3 49. b4 cxb4 50. c5+ Ka7 51. Kg6 Rg3+ 52. Kf5 Rh3 1/2-1/2

[Event "GBR-ch"]
[Site "Scarborough"]
[Date "2004.08.09"]
[Round "7"]
[White "Spence, David"]
[Black "Mycroft, Richard"]
[Result "1/2-1/2"]
[WhiteElo "2236"]
[BlackElo "2110"]
[PlyCount "64"]
[EventDate "2004.08.02"]
[EventType "swiss"]
[EventRounds "11"]
[EventCountry "ENG"]
[SourceTitle "CBM 101 Extra"]
[Source "ChessBase"]
[SourceDate "2004.09.01"]
[SourceVersion "2"]
[SourceVersionDate "2004.09.01"]
[SourceQuality "1"]

1. d4 Nf6 2. Nf3 g6 3. Nc3 d5 4. Bf4 c6 5. e3 Bg7 6. Be2 0-0 7. h4 Bg4 8. Ne5 Bxe2 9. Qxe2 Nbd7 10. h5 Nxh5 11. Rxh5 gxh5 12. Qxh5 f6 13. Nf3 e5 14. Bg3 Qe8 15. Qh3 f5 16. 0-0-0 e4 17. Nh4 Qh5 18. Rh1 Rae8 19. Kd2 Nb6 20. b3 c5 21. dxc5 d4 22. Nb5 dxe3+ 23. fxe3 f4 24. Bxf4 Rxf4 25. exf4 e3+ 26. Kc1 e2 27. Nf3 Qxc5 28. Qxh7+ Kf8 29. Qd3 Nd5 30. Qf5+ Kg8 31. Qh7+ Kf8 32. Qf5+ Kg8 1/2-1/2

[Event "GBR-ch"]
[Site "Scarborough"]
[Date "2004.08.04"]
[Round "3"]
[White "Mycroft, Richard"]
[Black "Muir, Andrew Joseph"]
[Result "0-1"]
[WhiteElo "2110"]
[BlackElo "2328"]
[PlyCount "74"]
[EventDate "2004.08.02"]
[EventType "swiss"]
[EventRounds "11"]
[EventCountry "ENG"]
[SourceTitle "CBM 101 Extra"]
[Source "ChessBase"]
[SourceDate "2004.09.01"]
[SourceVersion "2"]
[SourceVersionDate "2004.09.01"]
[SourceQuality "1"]

1. e4 c5 2. Nf3 Nc6 3. Nc3 d6 4. Bb5 Bd7 5. d4 cxd4 6. Nxd4 Nf6 7. 0-0 e6 8. f4 Be7 9. Kh1 0-0 10. Be3 a6 11. Bxc6 Bxc6 12. Nxc6 bxc6 13. Qd3 d5 14. e5 Nd7 15. Rae1 c5 16. Na4 Qa5 17. b3 c4 18. Qd4 Rac8 19. f5 cxb3 20. cxb3 Qb4 21. Re2 Rc6 22. g4 Rfc8 23. Kg2 Nxe5 24. fxe6 fxe6 25. Nb6 Rd8 26. Nc4 Nxc4 27. bxc4 Rxc4 28. Qe5 Re4 29. Qc7 Rxg4+ 30. Kh3 Rh4+ 31. Kg2 Qg4+ 32. Kh1 Qxe2 33. Rg1 Qf3+ 34. Rg2 Rg4 35. Qc2 d4 36. Bxd4 Qxg2+ 37. Qxg2 Rxg2 0-1

[Event "Varsity Oxbridge m 122nd"]
[Site "London"]
[Date "2004.03.13"]
[Round "?.5"]
[White "Mycroft, Richard"]
[Black "Bigg, Andrew J"]
[Result "1/2-1/2"]
[WhiteElo "2110"]
[BlackElo "2267"]
[PlyCount "54"]
[EventDate "2004.03.13"]
[EventType "team"]
[EventRounds "1"]
[EventCountry "ENG"]
[SourceTitle "CBM 099 Extra"]
[Source "ChessBase"]
[SourceDate "2004.05.04"]
[SourceVersion "1"]
[SourceVersionDate "2004.05.04"]
[SourceQuality "1"]

1. e4 e6 2. d3 d5 3. Nd2 Nf6 4. Ngf3 Nc6 5. e5 Nd7 6. d4 f6 7. exf6 Qxf6 8. Nb3 Bd6 9. c4 0-0 10. Be2 dxc4 11. Bxc4 Nb6 12. Be2 e5 13. dxe5 Nxe5 14. 0-0 Bg4 15. Nbd2 Rad8 16. Qb3+ Kh8 17. Ne4 Nxf3+ 18. Bxf3 Qg6 19. Bxg4 Qxg4 20. Nxd6 Rxd6 21. Qg3 Qf5 22. Be3 Rg6 23. Qxc7 Nd5 24. Qxb7 Rxg2+ 25. Kxg2 Qf3+ 26. Kg1 Qg4+ 27. Kh1 Qf3+ 1/2-1/2

[Event "Guernsey op 28th"]
[Site "Les Dicqs"]
[Date "2002.10.25"]
[Round "6"]
[White "Loerke, Reinhard"]
[Black "Mycroft, Richard"]
[Result "0-1"]
[WhiteElo "2086"]
[BlackElo "2068"]
[PlyCount "108"]
[EventDate "2002.10.20"]
[EventType "swiss"]
[EventRounds "7"]
[EventCountry "GCI"]
[SourceTitle "EXT 2003"]
[Source "ChessBase"]
[SourceDate "2002.11.25"]
[SourceVersion "1"]
[SourceVersionDate "2002.11.25"]
[SourceQuality "1"]

1. e4 g6 2. d4 Bg7 3. f4 d5 4. e5 c5 5. Nf3 Bg4 6. Bb5+ Nc6 7. dxc5 Qa5+ 8. Nc3 a6 9. Bxc6+ bxc6 10. Be3 Rb8 11. Qc1 Bxf3 12. gxf3 Nh6 13. a3 Nf5 14. b4 Qd8 15. Ne2 d4 16. Bd2 Qd5 17. 0-0 Nh4 18. c4 Nxf3+ 19. Kh1 Qe4 20. Ng3 Qd3 21. Ra2 h5 22. Qb1 Qxb1 23. Rxb1 g5 24. Nf5 Bh6 25. Kg2 Nh4+ 26. Nxh4 gxh4 27. a4 Rg8+ 28. Kf3 h3 29. Rab2 Rg2 30. Be1 Kd7 31. Rxg2 hxg2 32. Bf2 d3 33. b5 Ke6 34. Ke4 f5+ 35. Kf3 d2 36. b6 Rd8 37. Rd1 h4 38. Be3 h3 39. Kf2 Rd3 40. Ke2 Rd7 41. Rb1 Bxf4 42. Bg1 Bxe5 43. b7 d1Q+ 44. Rxd1 Rxb7 45. Rd3 Rb2+ 46. Ke1 Rb1+ 47. Kf2 f4 48. Rxh3 Bd4+ 49. Kxg2 Rxg1+ 50. Kf3 Ra1 51. Rh6+ Bf6 52. h4 Rxa4 53. h5 Rxc4 54. Rg6 Rxc5 0-1

[Event "Guernsey op 28th"]
[Site "Les Dicqs"]
[Date "2002.10.24"]
[Round "5"]
[White "Mycroft, Richard"]
[Black "Van Dijk, Bram"]
[Result "1/2-1/2"]
[WhiteElo "2068"]
[BlackElo "2241"]
[PlyCount "101"]
[EventDate "2002.10.20"]
[EventType "swiss"]
[EventRounds "7"]
[EventCountry "GCI"]
[SourceTitle "EXT 2003"]
[Source "ChessBase"]
[SourceDate "2002.11.25"]
[SourceVersion "1"]
[SourceVersionDate "2002.11.25"]
[SourceQuality "1"]

1. e4 c6 2. d4 d5 3. e5 Bf5 4. Ne2 e6 5. Ng3 Bg6 6. h4 h6 7. h5 Bh7 8. Bd3 Bxd3 9. cxd3 Qb6 10. Be3 Nd7 11. 0-0 Ne7 12. Qg4 Rg8 13. f4 g6 14. hxg6 Rxg6 15. Qh3 0-0-0 16. Nd2 Qa6 17. Rac1 c5 18. dxc5 d4 19. Bxd4 Qxd3 20. Nf3 Nd5 21. Rfd1 Nxf4 22. Rxd3 Nxh3+ 23. gxh3 Rxg3+ 24. Kh2 Rg6 25. c6 Nb6 26. Rb3 Kc7 27. cxb7+ Kxb7 28. a4 Rd5 29. Rbc3 Bg7 30. Rc7+ Ka6 31. b4 Nxa4 32. b5+ Ka5 33. Rxa7+ Kxb5 34. Rb1+ Kc6 35. Rxa4 Rd7 36. Ra5 Rc7 37. Rb6+ Kd7 38. Rd6+ Ke7 39. Ra7 Rxa7 40. Bxa7 Bxe5+ 41. Nxe5 Kxd6 42. Nxg6 fxg6 43. Kg3 Ke5 44. Be3 h5 45. Kf3 Kf5 46. Bf2 g5 47. Ke3 e5 48. Be1 e4 49. Bf2 h4 50. Be1 g4 51. Bxh4 1/2-1/2

[Event "BCF-ch Major op"]
[Site "Torquay"]
[Date "2002.08.06"]
[Round "8"]
[White "Walton, Alan J"]
[Black "Mycroft, Richard"]
[Result "0-1"]
[WhiteElo "2157"]
[BlackElo "2053"]
[PlyCount "86"]
[EventDate "2002.07.29"]
[EventType "swiss"]
[EventRounds "9"]
[EventCountry "ENG"]
[SourceTitle "EXT 2008"]
[Source "ChessBase"]
[SourceDate "2007.11.25"]
[SourceVersion "1"]
[SourceVersionDate "2007.11.25"]
[SourceQuality "1"]

1. d4 c5 2. d5 d6 3. e4 g6 4. Be3 Bg7 5. Nc3 Nf6 6. Qd2 Qa5 7. h3 0-0 8. Be2 a6 9. f3 Re8 10. g4 e6 11. g5 Nh5 12. Kf2 Bxc3 13. Qxc3 Qxc3 14. bxc3 exd5 15. exd5 Bf5 16. Bd3 Nd7 17. Bxf5 gxf5 18. Ne2 b5 19. Rhe1 Nb6 20. Rad1 Re5 21. Nf4 Rxe3 22. Nxh5 Rxc3 23. Re2 Kf8 24. Nf6 Kg7 25. Rde1 f4 26. Nh5+ Kg6 27. Nxf4+ Kxg5 28. Re7 Rxc2+ 29. Kg3 Rg8 30. Rxf7 Kh6+ 31. Kh4 Rc4 32. Ree7 Rxf4+ 33. Rxf4 Nxd5 34. Re6+ Rg6 35. Rfe4 c4 36. Rxg6+ hxg6 37. Re6 c3 38. Rxd6 Nb4 39. Rd8 Nxa2 40. Rh8+ Kg7 41. Rc8 b4 42. Kg5 b3 43. Rc7+ Kf8 0-1